| 000 -LEADER |
| fixed length control field |
00720pab a2200181 454500 |
| 008 - FIXED-LENGTH DATA ELEMENTS--GENERAL INFORMATION |
| fixed length control field |
180718b1996 xxu||||| |||| 00| 0 eng d |
| 100 ## - MAIN ENTRY--PERSONAL NAME |
| Personal name |
Gangal, S.C. |
| 245 ## - TITLE STATEMENT |
| Title |
Developing and uplifting India's villages |
| 260 ## - PUBLICATION, DISTRIBUTION, ETC. |
| Date of publication, distribution, etc. |
1996 |
| 300 ## - PHYSICAL DESCRIPTION |
| Extent |
p.19-21,89 |
| 362 ## - DATES OF PUBLICATION AND/OR SEQUENTIAL DESIGNATION |
| Dates of publication and/or sequential designation |
Jan |
| 520 ## - SUMMARY, ETC. |
| Summary, etc. |
"Highlighting the government's efforts for rural uplift, the author observes, happily these have coincided with an extensive and fuller application of Panchayati Raj. This is bound to impart an irreversible and dynamic thrust to the process of rural advancement in all its dimensions, he feels" |
| 650 ## - SUBJECT ADDED ENTRY--TOPICAL TERM |
| Topical term or geographic name entry element |
Rural development - India |
| 650 ## - SUBJECT ADDED ENTRY--TOPICAL TERM |
| Topical term or geographic name entry element |
Panchayat - India |
| 650 ## - SUBJECT ADDED ENTRY--TOPICAL TERM |
| Topical term or geographic name entry element |
Panchayat |
| 773 ## - HOST ITEM ENTRY |
| Main entry heading |
Yojana |
| 909 ## - |
| -- |
30360 |